000 01031nam a2200301 i 4500
001 000011596
003 DO-SdBNP
005 20250227073849.0
007 ta
008 091021s2005 pr 000 0 spa d
020 _a1932271481
040 _aDO-SdBNP
_bspa
_cBNPHU
_erda
082 _aRD863.44
_bA347p
_222
100 1 _aAlcántara Almánzar, José
_d1946-
_eautor
_4aut.
_97018
245 1 0 _aPresagios de la noche /
_cJosé Alcántara Almánzar ; correción Lucinda Ausente.
264 4 _aSan Juan, Puerto Rico :
_bEditorial Isla Negra,
_c2005.
300 _a147 páginas
_b22 cm.
336 _atexto
_btxt
_2rdacontent
337 _asin mediación
_bn
_2rdamedia
338 _avolumen
_bnc
_2rdacarrier
500 _aIncluye datos biográficos del autor en la solapa.
590 _aInventariado, 2025/ YL
650 4 _aCuentos dominicanos
_xCrítica e interpretación
_910011
650 0 _aLiteratura dominicana.
_967
700 1 _aAusente, Lucinda,
_ecorrección
_911862
_4corr.
910 _aYlockward
942 _2ddc
_cLBS1
999 _c11291
_d11291